Canciones de Elton John - ¡Muerte súbita! - Estadísticas

Estadísticas generales
  • Esta prueba ha sido intentada 26 veces
  • La puntuación promedio es 8 de 20
Answers on the Grid
Answers color-coded by a green-red scale on the quiz's grid according to % correct below.
A Whole New World
Alligator Boogie
Bennie And The Jets
Boston Liberty
Can You Feel The Love Tonight
Candle In The Wind
Circle Of Life
Crocodile Rock
Dancing In The Streets
Daniel
Don't Let The Sun Go Down On Me
Don’t Go Breaking My Heart
Ebony and Ivory
Goodbye Yellow Brick Road
Honky Cat
I Guess That's Why They Call It The Blues
I’m Still Standing
Life On Mars?
Nikita
Over The Rainbow
Penny Lane
Philadelphia Freedom
Piano Man
Queen of Hearts
Respect
Rocket Man
Sacrifice
Saturday Night’s Alright (For Fighting)
Sir Reginald
Sorry Seems To Be The Hardest Word
Tantrums and Tiaras
Tiny Dancer
Your Song
 
Estadísticas de respuestas
Respuesta % Correcto
I’m Still Standing
65%
Candle In The Wind
59%
Don’t Go Breaking My Heart
59%
Rocket Man
59%
Your Song
53%
Bennie And The Jets
47%
Circle Of Life
47%
Goodbye Yellow Brick Road
47%
Saturday Night’s Alright (For Fighting)
47%
Tiny Dancer
47%
Can You Feel The Love Tonight
41%
Crocodile Rock
41%
Don't Let The Sun Go Down On Me
41%
Nikita
35%
Sacrifice
35%
Daniel
29%
Honky Cat
29%
Sorry Seems To Be The Hardest Word
29%
I Guess That's Why They Call It The Blues
18%
Philadelphia Freedom
6%
No se encontraron pruebas coincidentes
Distribución de puntuación
Porcentaje de gente con cada puntuación
Porcentaje por número respondido
Historial de tus puntuaciones
No has intentado esta prueba.